000 00684nam a22002297a 4500
003 dpl
005 20180911123204.0
008 180911b xxu||||| |||| 00| 0 eng d
010 _aB-017517
020 _a0333932943
_c0.00
035 _aB-017517
040 _aDPL
_bEN
_c0
082 _a621.3815
_bPIM
100 _aPimpale, SG
245 _aFunctional circuts in electronics /
_cby SG Pimpale [and] Sushama S Pimpale
260 _aNew Delhi
_bMacmillan India ltd
_c2000
270 _a2/10 Ansari road darya ganj
_bNew Delhi
_e110002
300 _a521p.:
_c23cm
500 _aInclude Index
700 _aPimpale, Sushama S
942 _2ddc
_cEN
_h621.3815
_mPIM
999 _c157340
_d157340